banner-ar

هندسة الحضارة : (Record no. 61842)

MARC details
000 -الفاتح
حقل البيانات ثابتة الطول 00737nam a22002057a 4500
005 - وقت وتاريخ اخر تعامل مع التسجيلة
رقم الضبط 20240530110519.0
008 - عناصر البيانات ثابتة الطول - معلومات عامة
حقل البيانات ثابتة الطول 160213s2013 ua a f 000 0 ara d
020 ## - الرقم الدولى المعيارى للكتب
الرقم الدولى المعيارى للكتاب 9789753154888
040 ## - مصدر الفهرسة
وكالة الفهرسة الأصلية EG-CaGPL
082 04 - رقم تصنيف ديوى العشرى
رقم الطبعة 21
رقم التصنيف 723.3\
رقم المادة س هـ
100 0# - المدخل الرئيسى - إسم شخصى
الإسم الشخصى سليمان عشراتى .
245 10 - بيان العنوان
العنوان هندسة الحضارة :
بقية العنوان تجليات العمران فى فكر فتح الله كولن /
بيان المسئوليه,etc سليمان عشراتى .
250 ## - بيان الطبعة
بيان الطبعة ط2.
260 ## - PUBLICATION, DISTRIBUTION, ETC. (IMPRINT)
تاريخ النشر أو التوزيع 2013.
300 ## - الوصف المادى
التعداد 247 ص ؛
أبعاد الوعاء 20 سم .
600 04 - المدخل الاضافى بالموضوع-اسم شخصى
الإسم الشخصى فتح الله كولن .
650 04 - المدخل الاضافى بالموضوع-مصطلح موضوعى
مصطلح موضوعي العمارة الاسلامية .
942 ## - عناصر المدخل الإضافي( كوها)
مصدر التصنيف او مخطط الترفيف Dewey Decimal Classification
Koha [default] item type كتاب
260 ## - PUBLICATION, DISTRIBUTION, ETC. (IMPRINT)
-- القاهرة :
-- دار النيل للطباعة و النشر ،
Holdings
حالة التراجع حالة الفقد حالة تلف ليس للاعارة المكان المؤقت الموقع الحالى تاريخ الاكتساب اجمالي اﻻعارات رقم الطلب الباركود تاريخ اخر مشاهدة تاريخ تفعيل السعر نوع وعاء كوها
        مكتبة القاهرة الكبرى مكتبة القاهرة الكبرى 02/13/2016   723.3\ س هـ 161272 02/13/2016 02/13/2016 كتاب

Powered By

EGPV